Abnormal and clinical psychology: an introduction textbook./ (Record no. 7130)
[ view plain ]
| 000 -LEADER | |
|---|---|
| fixed length control field | 00877nam a22001697a 4500 |
| 008 - FIXED-LENGTH DATA ELEMENTS--GENERAL INFORMATION | |
| fixed length control field | 200228b xxu||||| |||| 00| 0 eng d |
| 020 ## - INTERNATIONAL STANDARD BOOK NUMBER | |
| International Standard Book Number | 9780335237463 |
| 050 ## - LIBRARY OF CONGRESS CALL NUMBER | |
| Classification number | RC454.B471 |
| 100 ## - MAIN ENTRY--PERSONAL NAME | |
| Personal name | Bennett, Paul |
| 245 ## - TITLE STATEMENT | |
| Title | Abnormal and clinical psychology: an introduction textbook./ |
| 250 ## - EDITION STATEMENT | |
| Edition statement | 3rd ed. |
| 260 ## - PUBLICATION, DISTRIBUTION, ETC. | |
| Place of publication, distribution, etc. | London: |
| Name of publisher, distributor, etc. | McGraw Hill /Open University Press, |
| Date of publication, distribution, etc. | 2011. |
| 300 ## - PHYSICAL DESCRIPTION | |
| Extent | ix,533p.: |
| 500 ## - GENERAL NOTE | |
| General note | Contents: Part 1 background and methods: introduction; the psychological perspective; new directions in cognitive therapy; biological explanations and treatment; beyond the individual Part 2: Somatoform disorders, schizophrenia, anxiety disorers, mood disorders, trauma related conditions, sexual disorders, personality disorders, eatind disorders, developmental disorders, neurological disorders, addictions. |
| 690 ## - LOCAL SUBJECT ADDED ENTRY--TOPICAL TERM (OCLC, RLIN) | |
| Topical term or geographic name as entry element | Psychiatric nursing |
| 942 ## - ADDED ENTRY ELEMENTS (KOHA) | |
| Source of classification or shelving scheme | Library of Congress Classification |
| Koha item type | Books |
| Withdrawn status | Lost status | Source of classification or shelving scheme | Damaged status | Not for loan | Home library | Current library | Shelving location | Date acquired | Full call number | Barcode | Date last seen | Price effective from | Koha item type |
|---|---|---|---|---|---|---|---|---|---|---|---|---|---|
| Library of Congress Classification | WISCONSIN INTERNATIONAL UNIVERSITY COLLEGE, GHANA KUMASI LIBRARY | WISCONSIN INTERNATIONAL UNIVERSITY COLLEGE, GHANA KUMASI LIBRARY | nursing | 03/07/2019 | RC454.B471(3e) | KSN/271/19 | 28/02/2020 | 03/07/2019 | Books |
